CSI: New York, Miami, or Las Vegas Quiz Stats

 Plays Quiz not verified by Sporcle

Challenge
Share
Tweet
Embed
Score 0/34 Timer 05:00
0 Plays Today
Character City % Correct
Horatio Caine???
85.7%
Dr. Gil Grissom???
85.2%
Catherine Willows???
83.5%
Mac Taylor???
82.7%
Sara Sidle???
82.6%
Nick Stokes???
82.5%
Warrick Brown???
81.2%
Captain Jim Brass???
80.9%
Eric Delko???
80.3%
Calleigh Duquesne???
80.2%
Danny Messer???
79.9%
Lindsay Messer???
78.2%
Greg Sanders???
78.1%
Natalia Boa Vista???
77.7%
Ryan Wolfe???
77.2%
Don Flack???
77.2%
Stella Bonasera???
76.9%
Character City % Correct
David Hodges???
76.6%
Dr. Alexx Woods???
76%
Dr. Ray Langston???
75.7%
Dr. Sheldon Hawkes???
75.7%
Dr. Sid Hammerback???
74.1%
Tim Speedle???
73.7%
D.B. Russell???
73.6%
Jesse Cardoza???
71.8%
Frank Tripp???
71.6%
Dr. Al Robbins???
71.1%
Jo Danville???
69.5%
Yelina Salas???
68.5%
Adam Ross???
66.6%
Aiden Burn???
63.7%
Walter Simmons???
63.2%
Wendy Simms???
61.1%
Sofia Curtis???
48.9%

You're not logged in!

Compare scores with friends on all Sporcle quizzes.
OR
Log In

You Might Also Like...

Show Comments

Extras

Top Quizzes Today


Score Distribution

Your Account Isn't Verified!

In order to create a playlist on Sporcle, you need to verify the email address you used during registration. Go to your Sporcle Settings to finish the process.

Report this User

Report this user for behavior that violates our Community Guidelines.

Details: